|
|
|
|
| LEADER |
00000nab a2200000 a 4500 |
| 001 |
vtls000894999 |
| 003 |
SK-MaSNL |
| 005 |
20260302175203.0 |
| 008 |
040720e19960524xo 0 slo |
| 035 |
|
|
|a KE4031
|
| 040 |
|
|
|a KEVKJB
|b slo
|c KEVKJB
|e AACR2
|
| 041 |
0 |
|
|a slo
|
| 044 |
|
|
|a xo
|c SK
|
| 080 |
|
|
|a 738
|2 1981
|
| 080 |
|
|
|a 929
|2 1981
|
| 100 |
1 |
|
|a Pardupa, Juraj
|4 aut
|9 873437
|
| 245 |
1 |
0 |
|a Krása do hliny zakliata
|b Navštívili sme Igora Macáka jediného klasického hrnčiara v Košiciach
|
| 500 |
|
|
|a Magazín,1, č.20, s.1,2. Fot.4.
|
| 600 |
1 |
7 |
|a Macák, Juraj,
|d 1909-2010
|2 KEVKJB
|9 114872
|
| 650 |
0 |
7 |
|a hrnčiarstvo umelecké
|2 KEVKJB
|9 886256
|
| 650 |
0 |
7 |
|a hrnčiari
|2 KEVKJB
|9 58924
|
| 651 |
|
7 |
|a Košice (Slovensko)
|2 KEVKJB
|9 18694
|
| 773 |
0 |
8 |
|t Košický večer
|g Roč. 7
|g Roč. 28, 24.5.1996
|
| 852 |
|
|
|a ZVYKNI
|b KIS3GCP
|
| 999 |
|
|
|c 1406259
|d 1408189
|